| 000 | 00997nam a22002897a 4500 | ||
|---|---|---|---|
| 999 |
_c12464 _d12464 |
||
| 003 | EG-ScBUE | ||
| 005 | 20210214120855.0 | ||
| 008 | 090712s2003 ua f 000 f ara d | ||
| 017 | _a2003/13848 | ||
| 020 | _a9770787232 | ||
| 040 |
_aEG-ScBUE _bara _erda _cEG-ScBUE _dEG-ScBUE |
||
| 082 | 0 | 4 |
_a892.736 _bش ع ب _222 |
| 100 | 1 |
_aشعبان، نجوى، _eمؤلف. |
|
| 245 | 1 | 0 |
_aنوة الكرم : _bرواية / _cنجوى شعبان. |
| 260 |
_bدار الشروق , _c2006. |
||
| 264 | 1 |
_aالقاهرة : _bالهيئة المصرية العامة للكتاب، _c2003. |
|
| 300 |
_a307 صفحة ؛ _c15 سم. |
||
| 336 |
_2rdacontent _aنص _btxt |
||
| 337 |
_2rdamedia _aبدون وسيط _bn |
||
| 338 |
_2rdacarrier _aمجلد _bnc |
||
| 490 | 0 |
_aمكتبة الأسرة. _aإبداع المرأة |
|
| 650 | 7 |
_9223 _aالقصص العربية _zمصر _yقرن 20. _2BUEsh |
|
| 651 | _2BUEsh | ||
| 653 |
_bARALIT _cFebruary2021 |
||
| 655 |
_vReading book _934232 |
||
| 942 |
_2ddc _cBB |
||